| 000 | 00532nam a2200193 i 4500 | ||
|---|---|---|---|
| 001 | 79625 | ||
| 003 | ES-MaACL | ||
| 007 | t| | ||
| 008 | 041022s1981 sp ||||1| spa d | ||
| 020 | _a84-359-0266-8 | ||
| 100 | 1 |
_aHerrera, Telmo. _963211 |
|
| 245 | 1 | 0 |
_aAlgo así como un poema _b: (1978) / _cTelmo Herrera. |
| 260 |
_a[Madrid] : _bPlayor, _c1981. |
||
| 300 |
_a143 p. ; _c19 cm. |
||
| 490 | 1 | _aNueva poesía | |
| 830 | 0 |
_aNueva poesía (Playor) _9180866 |
|
| 852 |
_aES-MaACL _jL-9334 _bR.108802 |
||
| 999 |
_c79625 _d79625 |
||